Capitales avec la lettre L comme troisième lettre - Statistiques

Statistiques générales
  • Ce quiz a été pris 157 fois
  • Le résultat moyen est 10 sur 15
Statistiques - réponses
Réponse % Correct
Wellington
86%
Oslo
84%
Helsinki
83%
Tallinn
83%
Vilnius
79%
Belgrade
71%
Belmopan
71%
Malé
64%
Oulan-Bator
64%
Islamabad
59%
Dili
58%
Palikir
54%
Malabo
53%
Lilongwe
49%
Melekeok
35%
Aucun quiz correspondant
Distribution des résultats
% des personnes avec chaque résultat
Percentile par nombre de réponses
Votre historique - résultats
Vous n’avez pas pris ce quiz